01411nam a2200349 a 4500001001200000003000800012006001900020007001500039008004100054020003500095020003500130020003500165020003500200040002100235035002100256050002300277082001600300100002400316245012300340250001200463260004800475300004500523500004100568504005300609533015200662650003000814655002900844700002500873700002000898710001700918856012600935ebr10158328CaPaEBRm u cr cn|||||||||000921m20012004maua sb 001 0 eng  z1568811306 (v. 1 : alk. paper) z156881142X (v. 2 : alk. paper) z1568811438 (v. 3 : alk. paper) z1568811446 (v. 4 : alk. paper) aCaPaEBRcCaPaEBR a(OCoLC)56026731714aQA95b.B446 2001eb04a793.7/42211 aBerlekamp, Elwyn R.10aWinning ways for your mathematical playsh[electronic resource] /cElwyn R. Berlekamp, John H. Conway, Richard K. Guy. a2nd ed. aNatick, Mass. :bA.K. Peters,cc2001-c2004. a4 v. (xix, 1004 p.) :bill. (some col.). aVol. 4 published in Wellesley, Mass. aIncludes bibliographical references and indexes. aElectronic reproduction.bPalo Alto, Calif. :cebrary,d2013.nAvailable via World Wide Web.nAccess may be limited to ebrary affiliated libraries. 0aMathematical recreations. 7aElectronic books.2local1 aConway, John Horton.1 aGuy, Richard K.2 aebrary, Inc.40uhttp://site.ebrary.com/lib/rucke/Doc?id=10158328zAn electronic book accessible through the World Wide Web; click to view